John Ford-Sfida infernale (Record n. 93034)

Dettagli MARC
000 -LEADER
fixed length control field 01261nam a2200289Ia 4500
001 - CONTROL NUMBER
control field A2537
003 - CONTROL NUMBER IDENTIFIER
control field IT-RoPAU
008 - FIXED-LENGTH DATA ELEMENTS--GENERAL INFORMATION
fixed length control field 130308s9999 xx 000 0 und d
040 ## - CATALOGING SOURCE
Original cataloging agency IT-RoPAU
040 ## - CATALOGING SOURCE
Transcribing agency IT-RoPAU
041 ## - LANGUAGE CODE
Language code of text/sound track or separate title ITALIANO
100 ## - MAIN ENTRY--PERSONAL NAME
Personal name Ballo Francesco
100 ## - MAIN ENTRY--PERSONAL NAME
Miscellaneous information Codice Aut. SPICS: 5777
245 ## - TITLE STATEMENT
Title John Ford-Sfida infernale
245 ## - TITLE STATEMENT
Remainder of title John Ford-Sfida Infernale
250 ## - EDITION STATEMENT
Edition statement 1a ed.
260 ## - PUBLICATION, DISTRIBUTION, ETC. (IMPRINT)
Place of publication, distribution, etc. TORINO
260 ## - PUBLICATION, DISTRIBUTION, ETC. (IMPRINT)
Name of publisher, distributor, etc. Lindau
260 ## - PUBLICATION, DISTRIBUTION, ETC. (IMPRINT)
Date of publication, distribution, etc. 1991 [1° Ed.:1991 - Ed.Ling.Originale:1991]
300 ## - PHYSICAL DESCRIPTION
Extent "212 p. (prefazione: 44; testo: 168 [pagine: 0-0])"
500 ## - GENERAL NOTE
General note Scheda del Film Sfida infernale di Ford. Metodo Ford. Analisi del Linguaggio di Ford. Ford e Il suo Cinema. Unicità Dello Stile Ford. giorni della Finzione. recitazione e Direzione degli Attori. Personaggi Princiapli e Minori. luoghi del Film. sei Serie di Fotogrammi. Illustrazioni. sei sequenze del Film. Rivive l'epica Sfida All'O.K. Corral. Modi e Metodi della messa Inscena Fordiana, Il suo montaggio Classico, la Direzione degli Attori. Sfida infernale un Capitolo Unico nella Filmografia di Ford e del Cinema in Generale.
650 ## - SUBJECT ADDED ENTRY--TOPICAL TERM
Topical term or geographic name as entry element AUTORI/OPERE DEL CINEMA
650 ## - SUBJECT ADDED ENTRY--TOPICAL TERM
Relator term Codice materia Spics: 6807
942 ## - ADDED ENTRY ELEMENTS (KOHA)
Koha item type LIBRO
957 ## -
-- 1
999 ## - SYSTEM CONTROL NUMBERS (KOHA)
-- 1
Dati di copia
Withdrawn status Lost status Damaged status Not for loan Home library Current library Date acquired Total Checkouts Full call number Date last seen Price effective from Koha item type Public note
    Buone Condizioni Not For Loan SPICS-MEDIATECA SPICS-MEDIATECA 08/03/2013   A2537 08/03/2013 08/03/2013 LIBRO Progressivo inserimento: 35341 / N. Volumi: 1 Copie: 1 / data import: 1 marzo 2013 - By Epidotti, Trombetti, Vaglietti.
CREDITS: SOCIETA' SAN PAOLO Via A.Severo, 58 - ROMA (RM) & PERIODICI SAN PAOLO SRL Via Giotto, 36 MILANO & CISF Via Giotto, 36 MILANO & EDIZIONI SAN PAOLO SRL,  Piazza Soncino, 5 CINISELLO BALSAMO (MI) -- ITALY